| 000 | 005660000a22001810004500 | ||
|---|---|---|---|
| 003 | MACL | ||
| 005 | 20160223154402.0 | ||
| 008 | 160223b xxu||||| |||| 00| 0 eng d | ||
| 040 |
_aMACL _cMACL |
||
| 041 | _aHindi | ||
| 082 | _a625 | ||
| 100 |
_aचतुर्वेदी महेन्द्र नाथ _939777 |
||
| 245 | _aकार्मिक प्रबन्ध कला | ||
| 260 |
_bप्रभात प्रकाशन _c1986 _aनई दिल्ली |
||
| 350 | _a80 | ||
| 650 |
_aEngineering _939778 |
||
| 942 |
_cHIN _k625 _2ddc |
||
| 999 |
_c28199 _d28199 |
||